| 000 | 01571nam a2200373 a 4500 | ||
|---|---|---|---|
| 001 | 000114119 | ||
| 003 | CHAP | ||
| 005 | 20220329144428.0 | ||
| 008 | 171106s2017 mx a fsm |||||||spa d | ||
| 010 | _a110580 | ||
| 011 | _a111552 | ||
| 040 | _cCHAP | ||
| 090 | _aTesis | ||
| 100 | 1 |
_aSánchez Cortéz, Guadalupe _9133985 |
|
| 245 | 1 | 0 |
_aPropuesta de implementación del área de crédito para agronegocios en la cooperativa de ahorro y préstamo renacimiento costa de oro, S.C. de A.P. de R.L. de C.V. de Santiago Ixcuintla, Nayarit / _h[En línea] _cpor Guadalupe Sánchez Cortez y Bladimir Quiroz Cárdenas. |
| 260 |
_aChapingo, Méx. : _bEl autor, _c2017. |
||
| 500 | _aPara ver el contenido del material haga clic en la liga | ||
| 502 | _aTesis (Ing. en Economía Agrícola) -- División de Ciencias Económico Administrativas | ||
| 502 | _aTesis (Lic. en Economía) -- División de Ciencias Económico Administrativas | ||
| 590 |
_aE11695DGD _b10 _c20171108 _lUCH01 _h1152 |
||
| 590 |
_aE8697GMM _b05 _c20171106 _lUCH01 _h0945 |
||
| 590 |
_aE8697GMM _b05 _c20171106 _lUCH01 _h0948 |
||
| 590 |
_aE8697GMM _b05 _c20171106 _lUCH01 _h1012 |
||
| 590 |
_aE8697GMM _b05 _c20171106 _lUCH01 _h1136 |
||
| 650 | 1 | 4 |
_aAhorro e inversión. _93105 |
| 650 | 1 | 4 |
_aCajas de ahorro y préstamo. _917251 |
| 650 | 1 | 4 |
_aFinanzas _xEvaluación. _940940 |
| 650 | 1 | 4 |
_aManuales de organización. _970673 |
| 700 | 1 |
_aQuiroz Cárdenas, Bladimir _9133986 |
|
| 856 |
_aFinding aid _uhttp://10.13.5.2/tesis/sist114119.pdf _zTeclea aquí |
||
| 901 | _aBK | ||
| 942 | _cTESIS | ||
| 942 | _n0 | ||
| 999 |
_c110580 _d110580 |
||